[Event "First Saturday 2008 oktober IM"]
[Site "Budapest"]
[Date "2008.10.04"]
[Round "1"]
[White "Rooze, Jan"]
[Black "Adams, Nick A"]
[Result "1-0"]
[WhiteElo "2316"]
[BlackElo "2205"]
[PlyCount "103"]
[EventDate "2008.10.04"]

1. e4 e5 2. Nf3 Nc6 3. Bb5 a6 4. Ba4 d6 5. Bxc6+ bxc6 6. d4 Bg4 7. dxe5 dxe5 8.
Qxd8+ Rxd8 9. Nbd2 f6 10. h3 Be6 11. Nb3 g5 12. Be3 h5 13. h4 g4 14. Nfd2 Rb8
15. O-O-O Nh6 16. Bc5 Bd6 17. Rhe1 Rb5 18. Be3 Nf7 19. Nb1 Bb4 20. Bd2 Bxd2+
21. Rxd2 Nd6 22. Nc3 Rb8 23. Nc5 Bc8 24. b3 Ke7 25. a4 Rg8 26. Rd3 Kf7 27. Nd1
Kg6 28. Rc3 Rb4 29. Nd3 Rxe4 30. Rxe4 Nxe4 31. Rxc6 Rg7 32. Nxe5+ Kf5 33. Nd3
Nd6 34. Rc5+ Ke6 35. Nf4+ Kd7 36. Nxh5 Rf7 37. Nf4 f5 38. Ng6 Ke6 39. Rc6 Bb7
40. Nf4+ Ke5 41. Nd3+ Kd5 42. Nc3+ Kd4 43. Ne2+ Kd5 44. Rc5+ Ke6 45. h5 Kf6 46.
Nef4 Ne4 47. Re5 Kg5 48. g3 Nf6 49. Ne6+ Kxh5 50. Rxf5+ Kh6 51. Ne5 Bc8 52.
Nxf7+ 1-0

[Event "First Saturday 2008 oktober IM"]
[Site "Budapest"]
[Date "2008.10.04"]
[Round "1"]
[White "Li, Panru"]
[Black "Gabrielsen, Trond"]
[Result "0-1"]
[WhiteElo "2126"]
[BlackElo "2280"]
[PlyCount "64"]
[EventDate "2008.10.04"]

1. d4 f5 2. c4 Nf6 3. Nc3 e6 4. Nf3 Bb4 5. g3 c5 6. Bg2 O-O 7. O-O cxd4 8. Nxd4
Nc6 9. Nxc6 bxc6 10. Bd2 Ba6 11. Qb3 Rb8 12. Bf4 Rb7 13. a3 Ba5 14. Qa2 Bxc3
15. bxc3 d5 16. cxd5 cxd5 17. Rab1 Bc4 18. Qd2 Qc8 19. Rb2 Rxb2 20. Qxb2 Qa6
21. Re1 Re8 22. Bg5 Nd7 23. Bf1 Rb8 24. Qc1 Qd6 25. e4 Bxf1 26. exf5 Bh3 27.
fxe6 Ne5 28. Bf4 Nf3+ 29. Kh1 Qb6 30. Re2 Re8 31. Re3 d4 32. cxd4 Qb7 0-1

[Event "First Saturday 2008 oktober IM"]
[Site "Budapest"]
[Date "2008.10.04"]
[Round "1"]
[White "Lengyel, Bela"]
[Black "Bacso, Gabor"]
[Result "1/2-1/2"]
[WhiteElo "2309"]
[BlackElo "2181"]
[PlyCount "65"]
[EventDate "2008.10.04"]

1. e4 c5 2. Nf3 d6 3. d4 cxd4 4. Nxd4 Nf6 5. Nc3 a6 6. Be2 e5 7. Nb3 Be7 8. O-O
O-O 9. Be3 Be6 10. a4 Nbd7 11. a5 Rc8 12. Qd2 Qc7 13. Rfc1 Nc5 14. Nxc5 dxc5
15. f3 Rfd8 16. Qe1 Nd7 17. Na4 Re8 18. Kh1 Kh8 19. Qf2 g6 20. c4 f5 21. Nc3 f4
22. Bd2 Nb8 23. Nd5 Qd6 24. Bc3 Nc6 25. Nxf4 Bd7 26. Nd5 Nd4 27. Rd1 Be6 28. b4
Bxd5 29. bxc5 Qf6 30. exd5 Bxc5 31. Bf1 Nb3 32. Qb2 Nxa1 33. Qxa1 1/2-1/2

[Event "First Saturday 2008 oktober IM"]
[Site "Budapest"]
[Date "2008.10.04"]
[Round "1"]
[White "Szeberenyi, Adam"]
[Black "Parkanyi, Attila"]
[Result "1/2-1/2"]
[WhiteElo "2310"]
[BlackElo "2361"]
[PlyCount "29"]
[EventDate "2008.10.04"]

1. g3 g6 2. Bg2 Bg7 3. Nf3 Nf6 4. O-O O-O 5. c4 c5 6. d4 cxd4 7. Qxd4 Nc6 8.
Qh4 d6 9. Nc3 Be6 10. Ng5 Bd7 11. Nge4 Bf5 12. Bh6 Bxe4 13. Nxe4 Nxe4 14. Bxe4
Bxh6 15. Qxh6 1/2-1/2

[Event "First Saturday 2008 oktober IM"]
[Site "Budapest"]
[Date "2008.10.04"]
[Round "1"]
[White "Werner, Dimo"]
[Black "Kislik, Erik Andrew"]
[Result "1/2-1/2"]
[WhiteElo "2328"]
[BlackElo "2278"]
[PlyCount "20"]
[EventDate "2008.10.04"]

1. d4 Nf6 2. c4 g6 3. Nc3 Bg7 4. e4 d6 5. Be2 O-O 6. Be3 e5 7. d5 Nbd7 8. g4
Nc5 9. f3 a5 10. h4 h5 1/2-1/2

[Event "First Saturday 2008 oktober IM"]
[Site "Budapest"]
[Date "2008.10.05"]
[Round "2"]
[White "Adams, Nick A"]
[Black "Kislik, Erik Andrew"]
[Result "0-1"]
[WhiteElo "2205"]
[BlackElo "2278"]
[PlyCount "80"]
[EventDate "2008.10.04"]

1. d4 Nf6 2. c4 g6 3. Nc3 Bg7 4. e4 d6 5. f3 O-O 6. Nge2 a6 7. Be3 c6 8. a4 a5
9. g4 Na6 10. Ng3 Nb4 11. Rc1 Nd7 12. f4 e5 13. fxe5 dxe5 14. d5 Qe7 15. Be2
Rd8 16. O-O Bf8 17. Qd2 f6 18. g5 Bg7 19. Rf2 Rf8 20. d6 Qe8 21. Bg4 fxg5 22.
Rxf8+ Bxf8 23. Bxg5 Nc5 24. Bxc8 Qxc8 25. Rd1 Qd7 26. Be3 Nba6 27. Kg2 Rd8 28.
Bg5 Re8 29. Be3 b6 30. Bh6 Ne6 31. Nce2 Nac5 32. Bxf8 Rxf8 33. b4 axb4 34. Qxb4
Nf4+ 35. Nxf4 exf4 36. Qxb6 fxg3 37. Qxc5 Qg4 38. Qd4 Qf3+ 39. Kg1 g2 40. h4
Qh3 0-1

[Event "First Saturday 2008 oktober IM"]
[Site "Budapest"]
[Date "2008.10.05"]
[Round "2"]
[White "Parkanyi, Attila"]
[Black "Werner, Dimo"]
[Result "1/2-1/2"]
[WhiteElo "2361"]
[BlackElo "2328"]
[PlyCount "28"]
[EventDate "2008.10.04"]

1. e4 c6 2. d4 d5 3. exd5 cxd5 4. Bd3 Nc6 5. c3 Nf6 6. Nf3 g6 7. h3 Bf5 8. O-O
Bxd3 9. Qxd3 Bg7 10. Bg5 Ne4 11. Bf4 O-O 12. Nbd2 f5 13. Ne5 Nxe5 14. Bxe5 Bxe5
1/2-1/2

[Event "First Saturday 2008 oktober IM"]
[Site "Budapest"]
[Date "2008.10.05"]
[Round "2"]
[White "Bacso, Gabor"]
[Black "Szeberenyi, Adam"]
[Result "1/2-1/2"]
[WhiteElo "2181"]
[BlackElo "2310"]
[PlyCount "21"]
[EventDate "2008.10.04"]

1. d4 d6 2. c4 e5 3. Nc3 exd4 4. Qxd4 Nf6 5. b3 Be7 6. Bb2 O-O 7. Nf3 Nc6 8.
Qd2 Re8 9. e3 Bf8 10. Be2 Bg4 11. O-O 1/2-1/2

[Event "First Saturday 2008 oktober IM"]
[Site "Budapest"]
[Date "2008.10.05"]
[Round "2"]
[White "Gabrielsen, Trond"]
[Black "Lengyel, Bela"]
[Result "1-0"]
[WhiteElo "2280"]
[BlackElo "2309"]
[PlyCount "81"]
[EventDate "2008.10.04"]

1. e4 e5 2. Nf3 Nc6 3. Bb5 a6 4. Ba4 Nf6 5. O-O Be7 6. Re1 b5 7. Bb3 d6 8. c3
O-O 9. d4 Bg4 10. d5 Na5 11. Bc2 c6 12. h3 Bc8 13. dxc6 Nxc6 14. Nbd2 Bb7 15.
Nf1 h6 16. Ne3 Re8 17. Nh2 Bf8 18. Nhg4 Nxg4 19. Nxg4 Bc8 20. Qf3 Be6 21. Rd1
Rc8 22. Bd3 Qh4 23. Bf1 h5 24. Ne3 g6 25. g3 Qd8 26. Nd5 Bxd5 27. Rxd5 Ne7 28.
Rd1 d5 29. Bg5 dxe4 30. Qxe4 Qb6 31. g4 hxg4 32. hxg4 Qe6 33. a4 b4 34. cxb4 f5
35. Qg2 e4 36. b5 fxg4 37. bxa6 Qf5 38. Be3 Nd5 39. Rxd5 Qxd5 40. Qxg4 Bg7 41.
Rd1 1-0

[Event "First Saturday 2008 oktober IM"]
[Site "Budapest"]
[Date "2008.10.05"]
[Round "2"]
[White "Rooze, Jan"]
[Black "Li, Panru"]
[Result "1/2-1/2"]
[WhiteElo "2316"]
[BlackElo "2126"]
[PlyCount "190"]
[EventDate "2008.10.04"]

1. b3 d5 2. Bb2 e6 3. e3 Nf6 4. f4 Be7 5. Nf3 c5 6. Be2 Nc6 7. O-O O-O 8. Qe1
Rb8 9. Ne5 Bd7 10. d3 b5 11. Nd2 a5 12. Ndf3 a4 13. Nxc6 Bxc6 14. Ne5 Ba8 15.
Bf3 Qb6 16. Kh1 Qa6 17. Rb1 Rfd8 18. Qf2 a3 19. Ba1 Qd6 20. Rbe1 d4 21. Bxa8
Rxa8 22. exd4 cxd4 23. f5 Qb6 24. fxe6 fxe6 25. Nf3 Bc5 26. Qh4 Ra7 27. Re5 Re7
28. Rfe1 b4 29. R1e2 h6 30. Qh3 Rde8 31. Nd2 Nd7 32. Nc4 Qc6 33. R5e4 e5 34.
Qg3 Bd6 35. Nxd6 Qxd6 36. Bxd4 Qd5 37. Bg1 Nf6 38. R4e3 e4 39. Qe1 Qc6 40. dxe4
Nxe4 41. Qxb4 Qg6 42. Qxa3 Qh5 43. Qb2 Ng3+ 44. Rxg3 Qxe2 45. Qc3 Rd8 46. h3
Rd2 47. Qc8+ Kh7 48. Qf5+ Kg8 49. Qc8+ Kh7 50. Kh2 Rxc2 51. Qf5+ Kg8 52. Bd4
Rxa2 53. Qg6 Ra6 54. Qf5 Rc6 55. b4 Rc1 56. Ra3 Qe4 57. Qf2 Rc2 58. Qg1 Qf4+
59. Rg3 h5 60. Be3 Qe5 61. Bg5 Rb7 62. Qf1 Rf7 63. Qd1 Rc3 64. Bh4 Rc4 65. b5
Rf8 66. Qb3 Qf4 67. Bg5 Qd4 68. Be3 Qc3 69. Qa2 Qc2 70. Qxc2 Rxc2 71. Rg5 Rf7
72. Rxh5 Rc3 73. Re5 Rb7 74. b6 Rb3 75. h4 Kf7 76. g3 Kf6 77. Bd4 Rb4 78. Bc3
Rb3 79. Ba1 Kf7 80. Rf5+ Ke6 81. Rg5 R3xb6 82. Bxg7 Rb5 83. Rg4 Rb4 84. Rxb4
Rxb4 85. Bh6 Kf5 86. Kh3 Kg6 87. Bf4 Ra4 88. Kg4 Ra5 89. Kh3 Ra4 90. Bc1 Kh5
91. Bd2 Rd4 92. Bg5 Ra4 93. Bf4 Kg6 94. Kg4 Ra5 95. Kf3 Kh5 1/2-1/2

[Event "First Saturday 2008 oktober IM"]
[Site "Budapest"]
[Date "2008.10.06"]
[Round "3"]
[White "Li, Panru"]
[Black "Adams, Nick A"]
[Result "1/2-1/2"]
[WhiteElo "2126"]
[BlackElo "2205"]
[PlyCount "120"]
[EventDate "2008.10.04"]

1. d4 d5 2. c4 e6 3. Nc3 c5 4. cxd5 exd5 5. Nf3 Nc6 6. g3 Nf6 7. Bg2 Be7 8. O-O
O-O 9. dxc5 d4 10. Na4 Bf5 11. a3 d3 12. exd3 Qxd3 13. Qxd3 Bxd3 14. Re1 Bc2
15. Ne5 Nxe5 16. Rxe5 Rae8 17. Nc3 Bxc5 18. Rxe8 Rxe8 19. Be3 Bxe3 20. fxe3 b6
21. Rc1 Bf5 22. e4 Bd7 23. Rd1 Kf8 24. Rd6 Ke7 25. Rd4 Be6 26. Nb5 a6 27. Nc3
Nd7 28. Bf1 Ne5 29. Kg2 a5 30. Be2 Rc8 31. Kf2 Rc6 32. Ke3 Bb3 33. Kf4 f6 34.
Ke3 Rd6 35. Nb5 Rc6 36. Nc3 Bc4 37. Rd2 Rd6 38. Nd5+ Bxd5 39. exd5 Rd8 40. Ba6
Kd6 41. Ke4 Ra8 42. Be2 Rc8 43. h4 Rc1 44. Kf4 g6 45. g4 Nc4 46. Bxc4 Rxc4+ 47.
Kf3 b5 48. Rd3 h5 49. gxh5 gxh5 50. Kg3 Rg4+ 51. Kh3 f5 52. Rb3 b4 53. axb4
Rxb4 54. Rg3 Rxb2 55. Rg5 Ke5 56. Rxh5 Rb3+ 57. Kg2 Rb6 58. Rh8 a4 59. Ra8 Rb4
60. h5 Rh4 1/2-1/2

[Event "First Saturday 2008 oktober IM"]
[Site "Budapest"]
[Date "2008.10.06"]
[Round "3"]
[White "Lengyel, Bela"]
[Black "Rooze, Jan"]
[Result "1/2-1/2"]
[WhiteElo "2309"]
[BlackElo "2316"]
[PlyCount "89"]
[EventDate "2008.10.04"]

1. e4 c5 2. Nf3 d6 3. d4 cxd4 4. Nxd4 Nf6 5. Nc3 g6 6. Be2 Bg7 7. O-O O-O 8.
Bg5 Nc6 9. Nb3 a6 10. f4 b5 11. a3 Bb7 12. Bf3 Nd7 13. Kh1 Rc8 14. Rf2 Nb6 15.
Qe1 b4 16. axb4 Nxb4 17. Na5 Ba8 18. Rd1 Re8 19. Rfd2 Qc7 20. Qh4 Nc6 21. Nb3
Nc4 22. Nd5 Qa7 23. Re2 a5 24. Bg4 Rb8 25. Rd3 a4 26. Rh3 h5 27. Bxh5 axb3 28.
cxb3 gxh5 29. Re1 f6 30. Qxh5 fxg5 31. Qh7+ Kf7 32. Qf5+ Kg8 33. Qe6+ Kf8 34.
fxg5 Qf2 35. Rf3+ Qxf3 36. gxf3 Nd4 37. Qg4 Rxb3 38. Nc7 Reb8 39. Ne6+ Nxe6 40.
Qxe6 Ne5 41. Rc1 Rxb2 42. Rc7 Re8 43. Qf5+ Kg8 44. Qe6+ Kh7 45. Qf5+ 1/2-1/2

[Event "First Saturday 2008 oktober IM"]
[Site "Budapest"]
[Date "2008.10.06"]
[Round "3"]
[White "Szeberenyi, Adam"]
[Black "Gabrielsen, Trond"]
[Result "1/2-1/2"]
[WhiteElo "2310"]
[BlackElo "2280"]
[PlyCount "29"]
[EventDate "2008.10.04"]

1. Nf3 Nf6 2. c4 g6 3. Nc3 d5 4. cxd5 Nxd5 5. e4 Nxc3 6. dxc3 Qxd1+ 7. Kxd1 f6
8. Be3 e5 9. Kc2 Be6 10. Nd2 Nd7 11. Bc4 Bxc4 12. Nxc4 Bc5 13. Bxc5 Nxc5 14. f3
O-O-O 15. Rad1 1/2-1/2

[Event "First Saturday 2008 oktober IM"]
[Site "Budapest"]
[Date "2008.10.06"]
[Round "3"]
[White "Werner, Dimo"]
[Black "Bacso, Gabor"]
[Result "1-0"]
[WhiteElo "2328"]
[BlackElo "2181"]
[PlyCount "51"]
[EventDate "2008.10.04"]

1. c4 c5 2. e3 Nf6 3. d4 cxd4 4. exd4 d5 5. Nc3 dxc4 6. Bxc4 e6 7. Nf3 Be7 8.
O-O O-O 9. a3 Qc7 10. Qe2 a6 11. Bg5 Nc6 12. Rfd1 b5 13. Ba2 b4 14. Ne4 Nd5 15.
Rac1 Bxg5 16. Nexg5 Bd7 17. Ne5 h6 18. Nxc6 Bxc6 19. Nxe6 Qd6 20. Nxf8 Nf4 21.
Qc2 Bxg2 22. Ng6 Nxg6 23. Kxg2 Nh4+ 24. Kh1 Nf3 25. Qc7 Qf6 26. Qc6 1-0

[Event "First Saturday 2008 oktober IM"]
[Site "Budapest"]
[Date "2008.10.07"]
[Round "4"]
[White "Adams, Nick A"]
[Black "Parkanyi, Attila"]
[Result "1-0"]
[WhiteElo "2205"]
[BlackElo "2361"]
[PlyCount "107"]
[EventDate "2008.10.04"]

1. d4 Nf6 2. c4 c5 3. e3 e6 4. Nf3 b6 5. Nc3 Bb7 6. Be2 Be7 7. O-O O-O 8. b3 d6
9. Bb2 a6 10. Bd3 Nbd7 11. Qe2 Qc7 12. Rac1 Rac8 13. Rfd1 Rfd8 14. h3 Qb8 15.
Bb1 Qa8 16. Rd2 cxd4 17. Rxd4 Nc5 18. Rdd1 Bc6 19. Ne1 Qb7 20. Qf1 b5 21. cxb5
axb5 22. b4 Nce4 23. Nxe4 Nxe4 24. Nf3 e5 25. Nd2 Nf6 26. Bd3 Ra8 27. a3 Rdb8
28. Nb3 Bd8 29. Rc2 Bd5 30. Nd2 Nd7 31. Rdc1 e4 32. Be2 f5 33. Nb1 Bb3 34. Rd2
d5 35. Nc3 Nb6 36. Nxb5 Nc4 37. Bxc4 Bxc4 38. Nd6 Bxf1 39. Nxb7 Bd3 40. Nxd8
Rxd8 41. Rc7 d4 42. Bxd4 Rxa3 43. Rxg7+ Kf8 44. Rxh7 Rd5 45. Rd1 Kg8 46. Rc7
Kf8 47. Rb7 Rb5 48. Rc7 Rb3 49. Rdc1 Rb1 50. Rxb1 Bxb1 51. h4 Bd3 52. h5 f4 53.
Bc5+ Kg8 54. h6 1-0

[Event "First Saturday 2008 oktober IM"]
[Site "Budapest"]
[Date "2008.10.07"]
[Round "4"]
[White "Li, Panru"]
[Black "Lengyel, Bela"]
[Result "1/2-1/2"]
[WhiteElo "2126"]
[BlackElo "2309"]
[PlyCount "84"]
[EventDate "2008.10.04"]

1. d4 d5 2. c4 e6 3. Nc3 Nf6 4. Bg5 Nbd7 5. e3 Be7 6. Nf3 O-O 7. Bd3 h6 8. Bh4
dxc4 9. Bxc4 c5 10. O-O cxd4 11. exd4 Nb6 12. Bd3 Bd7 13. Ne5 Bc6 14. Rc1 Rc8
15. Bb1 Nfd5 16. Qd3 f5 17. Bxe7 Qxe7 18. Ne2 Qe8 19. Nxc6 Rxc6 20. a3 Rxc1 21.
Rxc1 Qd7 22. Ba2 Rd8 23. Re1 Rc8 24. h3 Kh8 25. Nc3 Rd8 26. Qg3 Qf7 27. Qe5 Nc7
28. Bxe6 Nxe6 29. Qxe6 Qxe6 30. Rxe6 Rxd4 31. Re7 Rd2 32. Rxb7 Rxb2 33. Rxa7
Rb3 34. Ne2 Nc4 35. a4 Rb1+ 36. Kh2 Rb2 37. Nd4 Rxf2 38. Kg3 Rf1 39. a5 Ne3 40.
Ne6 g5 41. a6 f4+ 42. Kh2 Ra1 1/2-1/2

[Event "First Saturday 2008 oktober IM"]
[Site "Budapest"]
[Date "2008.10.08"]
[Round "5"]
[White "Lengyel, Bela"]
[Black "Adams, Nick A"]
[Result "1/2-1/2"]
[WhiteElo "2309"]
[BlackElo "2205"]
[PlyCount "32"]
[EventDate "2008.10.04"]

1. e4 e5 2. Nf3 Nc6 3. Bb5 a6 4. Ba4 Nf6 5. Qe2 d6 6. c3 Be7 7. O-O O-O 8. Rd1
Bd7 9. Bb3 h6 10. d4 Qe8 11. Nbd2 Nh7 12. Nf1 Bf6 13. dxe5 Nxe5 14. Nxe5 Qxe5
15. f3 Kh8 16. Be3 Bg5 1/2-1/2

[Event "First Saturday 2008 oktober IM"]
[Site "Budapest"]
[Date "2008.10.08"]
[Round "5"]
[White "Szeberenyi, Adam"]
[Black "Li, Panru"]
[Result "1-0"]
[WhiteElo "2310"]
[BlackElo "2126"]
[PlyCount "105"]
[EventDate "2008.10.04"]

1. d4 d5 2. c4 e6 3. Nc3 Be7 4. Nf3 Nf6 5. Bg5 O-O 6. e3 h6 7. Bh4 b6 8. Bxf6
Bxf6 9. cxd5 exd5 10. Be2 Be6 11. b4 c5 12. bxc5 bxc5 13. O-O c4 14. Rb1 Nc6
15. Qa4 Qd7 16. Rb5 Rfb8 17. Rfb1 Rxb5 18. Rxb5 Rb8 19. Ne1 Rxb5 20. Qxb5 Qd6
21. Bf3 Nb4 22. a3 Nd3 23. Nc2 a6 24. Qb7 Bd8 25. Nxd5 Ba5 26. Ne7+ Kh7 27.
Be4+ g6 28. Nxg6 Kg7 29. Nh4 Nc5 30. Qc6 Qb8 31. g3 Qb1+ 32. Kg2 Nxe4 33. Qxe4
c3 34. Qe5+ Kg8 35. Ng6 Qb7+ 36. e4 fxg6 37. Qxe6+ Kg7 38. d5 Qb3 39. Qe7+ Kg8
40. Nd4 Qc4 41. Qe8+ Kh7 42. Qf7+ Kh8 43. Qf6+ Kh7 44. Qe7+ Kg8 45. Qe6+ Kh7
46. Nc6 Bd8 47. Qd7+ Kh8 48. Qxd8+ Kg7 49. Qe7+ Kg8 50. Qe6+ Kg7 51. Qe5+ Kh7
52. Nd4 c2 53. Ne6 1-0

[Event "First Saturday 2008 oktober IM"]
[Site "Budapest"]
[Date "2008.10.08"]
[Round "5"]
[White "Werner, Dimo"]
[Black "Rooze, Jan"]
[Result "1/2-1/2"]
[WhiteElo "2328"]
[BlackElo "2316"]
[PlyCount "48"]
[EventDate "2008.10.04"]

1. d4 Nf6 2. c4 c5 3. d5 e6 4. Nc3 exd5 5. cxd5 d6 6. e4 g6 7. h3 Bg7 8. Nf3
O-O 9. Bd3 Nh5 10. O-O Nd7 11. Bg5 Bf6 12. Bh6 Re8 13. Re1 a6 14. a4 Rb8 15.
Qd2 Ne5 16. Be2 Nxf3+ 17. Bxf3 Ng7 18. Rab1 Bd7 19. Bf4 Be5 20. b4 cxb4 21.
Rxb4 Qf6 22. Bxe5 Rxe5 23. Bg4 Bxg4 24. hxg4 g5 1/2-1/2

[Event "First Saturday 2008 oktober IM"]
[Site "Budapest"]
[Date "2008.10.08"]
[Round "5"]
[White "Kislik, Erik Andrew"]
[Black "Gabrielsen, Trond"]
[Result "0-1"]
[WhiteElo "2278"]
[BlackElo "2280"]
[PlyCount "100"]
[EventDate "2008.10.04"]

1. e4 c6 2. d4 d5 3. e5 c5 4. dxc5 e6 5. Nf3 Bxc5 6. Bd3 Nc6 7. O-O f6 8. Qe2
fxe5 9. Nxe5 Nf6 10. c4 O-O 11. Nd2 Nxe5 12. Qxe5 Bd6 13. Qe2 Qc7 14. h3 Bd7
15. b3 Rae8 16. Bb2 Bc6 17. Rac1 Qf7 18. Nf3 Qh5 19. Ne5 Qh4 20. c5 Bxe5 21.
Bxe5 Nd7 22. Bd6 Rf6 23. b4 a6 24. Bxa6 bxa6 25. Qxa6 Nb8 26. Bxb8 e5 27. Bd6
Bd7 28. Qd3 Rg6 29. Qxd5+ Be6 30. Qxe5 Rxg2+ 31. Kxg2 Bxh3+ 32. Kf3 Rxe5 33.
Bxe5 Qh5+ 34. Ke4 Qe2+ 35. Kd5 Qxa2+ 36. Kd6 Qe6+ 37. Kc7 Qxe5+ 38. Kb7 Qe7+
39. Kb6 Qd8+ 40. Kc6 Qc8+ 41. Kb5 Qb7+ 42. Kc4 Qe4+ 43. Kc3 Qe5+ 44. Kb3 Qd5+
45. Kc3 Qf3+ 46. Kd4 Bxf1 47. Rxf1 Qe2 48. c6 Qxf1 49. Kc5 Qxf2+ 50. Kb5 Qa7
0-1

[Event "First Saturday 2008 oktober IM"]
[Site "Budapest"]
[Date "2008.10.08"]
[Round "5"]
[White "Parkanyi, Attila"]
[Black "Bacso, Gabor"]
[Result "1-0"]
[WhiteElo "2361"]
[BlackElo "2181"]
[PlyCount "49"]
[EventDate "2008.10.04"]

1. e4 c5 2. Nc3 e6 3. Nf3 d6 4. d4 cxd4 5. Nxd4 Nf6 6. Be2 Be7 7. O-O O-O 8.
Be3 Nc6 9. f4 Bd7 10. Kh1 a6 11. Qe1 Qc7 12. Qg3 Rfe8 13. Rae1 b5 14. a3 Rab8
15. e5 Nd5 16. Nxd5 exd5 17. Bd3 dxe5 18. Nxc6 Qxc6 19. fxe5 Be6 20. c3 Qd7 21.
Rf3 Bg4 22. Bd4 Be6 23. Ref1 Rf8 24. Rf6 Rfc8 25. Rxf7 1-0

[Event "First Saturday 2008 oktober IM"]
[Site "Budapest"]
[Date "2008.10.09"]
[Round "6"]
[White "Adams, Nick A"]
[Black "Bacso, Gabor"]
[Result "1/2-1/2"]
[WhiteElo "2205"]
[BlackElo "2181"]
[PlyCount "33"]
[EventDate "2008.10.04"]

1. d4 d5 2. c4 dxc4 3. e3 e5 4. Bxc4 exd4 5. exd4 Nf6 6. Nf3 Bd6 7. O-O O-O 8.
h3 h6 9. Nc3 Nc6 10. a3 Bf5 11. Be3 a6 12. Rc1 Qd7 13. Re1 Rfe8 14. Bf1 Rad8
15. d5 Ne7 16. Kh1 Bg6 17. Qb3 1/2-1/2

[Event "First Saturday 2008 oktober IM"]
[Site "Budapest"]
[Date "2008.10.09"]
[Round "6"]
[White "Li, Panru"]
[Black "Werner, Dimo"]
[Result "1/2-1/2"]
[WhiteElo "2126"]
[BlackElo "2328"]
[PlyCount "66"]
[EventDate "2008.10.04"]

1. d4 d5 2. c4 c6 3. Nc3 Nf6 4. Nf3 g6 5. e3 Bg7 6. Bd3 O-O 7. O-O Nbd7 8. b3
dxc4 9. bxc4 c5 10. Bb2 cxd4 11. exd4 b6 12. Re1 Bb7 13. Ne4 Nxe4 14. Bxe4 Bxe4
15. Rxe4 Nc5 16. Re2 Nb7 17. Qa4 Nd6 18. Ne5 Bxe5 19. Rxe5 a6 20. Rf1 b5 21.
cxb5 axb5 22. Qb3 Qa5 23. a3 Rfe8 24. h3 Nc4 25. Re2 Nxb2 26. Qxb2 Qxa3 27.
Qxb5 e6 28. d5 Reb8 29. Qd7 Rd8 30. dxe6 Rxd7 31. exd7 Kg7 32. Re8 Qd6 33. Rxa8
Qxd7 1/2-1/2

[Event "First Saturday 2008 oktober IM"]
[Site "Budapest"]
[Date "2008.10.10"]
[Round "7"]
[White "Szeberenyi, Adam"]
[Black "Adams, Nick A"]
[Result "1/2-1/2"]
[WhiteElo "2310"]
[BlackElo "2205"]
[PlyCount "21"]
[EventDate "2008.10.04"]

1. d4 d5 2. c4 e6 3. Nf3 c5 4. cxd5 exd5 5. Bg5 Be7 6. Bxe7 Nxe7 7. dxc5 Na6 8.
e3 Nxc5 9. Bb5+ Bd7 10. Bxd7+ Qxd7 11. O-O 1/2-1/2

[Event "First Saturday 2008 oktober IM"]
[Site "Budapest"]
[Date "2008.10.10"]
[Round "7"]
[White "Werner, Dimo"]
[Black "Lengyel, Bela"]
[Result "1/2-1/2"]
[WhiteElo "2328"]
[BlackElo "2309"]
[PlyCount "31"]
[EventDate "2008.10.04"]

1. d4 Nf6 2. c4 e6 3. Nc3 Bb4 4. e3 b6 5. Nf3 Bb7 6. Bd3 Ne4 7. Qc2 f5 8. O-O
Bxc3 9. bxc3 O-O 10. Nd2 Qh4 11. f3 Nxd2 12. Bxd2 Nc6 13. e4 fxe4 14. fxe4 e5
15. d5 Ne7 16. c5 1/2-1/2

[Event "First Saturday 2008 oktober IM"]
[Site "Budapest"]
[Date "2008.10.10"]
[Round "7"]
[White "Parkanyi, Attila"]
[Black "Rooze, Jan"]
[Result "1/2-1/2"]
[WhiteElo "2361"]
[BlackElo "2316"]
[PlyCount "54"]
[EventDate "2008.10.04"]

1. e4 c5 2. Nc3 Nc6 3. g3 g6 4. Bg2 Bg7 5. d3 d6 6. Be3 Rb8 7. Qd2 b5 8. h3 b4
9. Nd1 e6 10. Nf3 Nd4 11. O-O Nxf3+ 12. Bxf3 Ne7 13. Bh6 O-O 14. Bxg7 Kxg7 15.
Ne3 e5 16. Bg2 f5 17. f4 exf4 18. gxf4 Bb7 19. a3 a5 20. axb4 axb4 21. c4 Nc6
22. Qf2 Nd4 23. Rae1 Kh8 24. Nc2 Nxc2 25. Qxc2 g5 26. fxg5 Qxg5 27. b3 fxe4
1/2-1/2

[Event "First Saturday 2008 oktober IM"]
[Site "Budapest"]
[Date "2008.10.10"]
[Round "7"]
[White "Bacso, Gabor"]
[Black "Gabrielsen, Trond"]
[Result "0-1"]
[WhiteElo "2181"]
[BlackElo "2280"]
[PlyCount "68"]
[EventDate "2008.10.04"]

1. d4 f5 2. g3 Nf6 3. Bg2 e6 4. Nf3 d5 5. O-O Bd6 6. c4 c6 7. b3 Qe7 8. Bb2
Nbd7 9. Nbd2 O-O 10. Ne5 Ne4 11. Ndf3 f4 12. Qc2 c5 13. Rad1 fxg3 14. hxg3 Ndf6
15. Nd2 cxd4 16. Bxd4 Qc7 17. Nxe4 dxe4 18. Qb2 b6 19. b4 Bb7 20. e3 Qe7 21. c5
Bxe5 22. Bxe5 Qe8 23. Bxf6 Rxf6 24. Rd4 bxc5 25. bxc5 Ba6 26. Rfd1 Bd3 27.
R4xd3 exd3 28. Bxa8 Qxa8 29. Qe5 Qf3 30. Rd2 h5 31. c6 h4 32. c7 h3 33. c8=Q+
Kh7 34. Qa8 h2+ 0-1

[Event "First Saturday 2008 oktober IM"]
[Site "Budapest"]
[Date "2008.10.11"]
[Round "8"]
[White "Adams, Nick A"]
[Black "Gabrielsen, Trond"]
[Result "0-1"]
[WhiteElo "2205"]
[BlackElo "2280"]
[PlyCount "115"]
[EventDate "2008.10.04"]

1. c4 f5 2. g3 Nf6 3. Bg2 e6 4. d3 d5 5. b3 Bb4+ 6. Bd2 Bd6 7. Nf3 c6 8. O-O e5
9. Nc3 d4 10. Nb1 O-O 11. c5 Bc7 12. Na3 Qe7 13. Rc1 Be6 14. Nc4 Nbd7 15. b4
Qe8 16. Ng5 Bd5 17. e4 dxe3 18. fxe3 h6 19. Nh3 Be6 20. Qe2 g5 21. Nf2 a6 22.
Rc2 Qg6 23. Rcc1 Rf7 24. e4 f4 25. gxf4 exf4 26. e5 Bxc4 27. exf6 Bd5 28. Bxd5
cxd5 29. c6 bxc6 30. Rxc6 f3 31. Qxf3 Ne5 32. Qxd5 Rd8 33. Qc5 Nxc6 34. Qxc6
Qxf6 35. Qxf6 Rxf6 36. Bc3 Rf4 37. Bd2 Rf3 38. Ng4 Rxf1+ 39. Kxf1 Rxd3 40.
Nxh6+ Kh7 41. Bxg5 Bxh2 42. a4 Ra3 43. b5 a5 44. Ng4 Bd6 45. Bd8 Rxa4 46. Nf6+
Kg6 47. Nd7 Rf4+ 48. Ke2 Rf7 49. Nb6 Bc7 50. Bxc7 Rxc7 51. Kd3 Rc5 52. Na4 Rxb5
53. Kc3 Kf6 54. Nb2 Ke5 55. Nd3+ Kd6 56. Nb2 Kc6 57. Na4 Rb4 58. Nb2 0-1

[Event "First Saturday 2008 oktober IM"]
[Site "Budapest"]
[Date "2008.10.11"]
[Round "8"]
[White "Li, Panru"]
[Black "Parkanyi, Attila"]
[Result "0-1"]
[WhiteElo "2126"]
[BlackElo "2361"]
[PlyCount "80"]
[EventDate "2008.10.04"]

1. d4 Nf6 2. c4 c5 3. d5 e6 4. Nc3 exd5 5. cxd5 d6 6. e4 g6 7. h3 Bg7 8. Nf3
O-O 9. Bd3 a6 10. a4 Nbd7 11. O-O Nh5 12. Re1 Ne5 13. Be2 Nxf3+ 14. Bxf3 Qh4
15. Bxh5 gxh5 16. Qf3 Kh8 17. Bf4 Qe7 18. Qxh5 f6 19. Re3 Qc7 20. Ne2 f5 21.
Ng3 Bxb2 22. Rae1 Bd4 23. R3e2 fxe4 24. Rxe4 Qf7 25. Qxf7 Rxf7 26. Re8+ Kg7 27.
Nh5+ Kg6 28. g4 h6 29. Rg8+ Kh7 30. Ree8 b5 31. Rxc8 Rxc8 32. Rxc8 b4 33. Be3
Bxe3 34. fxe3 b3 35. Rb8 c4 36. Nf4 Kg7 37. Rb4 a5 38. Rxc4 b2 39. Ne6+ Kh7 40.
Nf8+ Kg8 0-1

[Event "First Saturday 2008 oktober IM"]
[Site "Budapest"]
[Date "2008.10.11"]
[Round "8"]
[White "Lengyel, Bela"]
[Black "Kislik, Erik Andrew"]
[Result "0-1"]
[WhiteElo "2309"]
[BlackElo "2278"]
[PlyCount "86"]
[EventDate "2008.10.04"]

1. e4 c5 2. Nf3 d6 3. d4 cxd4 4. Nxd4 Nf6 5. Nc3 a6 6. Be2 e5 7. Nb3 Be7 8. O-O
O-O 9. Be3 Be6 10. a4 Qc7 11. a5 Nbd7 12. Qd2 Rfd8 13. Rfc1 b5 14. Nd5 Bxd5 15.
exd5 Qb7 16. Rd1 h6 17. Nc1 Nc5 18. Na2 Nfe4 19. Qe1 f5 20. Nb4 Rf8 21. Nc6 Bh4
22. g3 Bg5 23. Bxg5 Nxg5 24. h4 Nge4 25. f3 Nf6 26. Qd2 Qf7 27. b4 Ncd7 28. Ra3
Nh5 29. f4 exf4 30. gxf4 Rae8 31. Rf1 Ndf6 32. Rf2 Qg6+ 33. Rg2 Qxg2+ 34. Kxg2
Rxe2+ 35. Qxe2 Nxf4+ 36. Kf3 Nxe2 37. Kxe2 Nxd5 38. c4 bxc4 39. b5 axb5 40. a6
Re8+ 41. Kf2 b4 42. Ra5 c3 43. a7 c2 0-1